000 00557nam a22001817a 4500
003 CEME
005 20210628203338.0
008 210115b xxu||||| |||| 00| 0 eng d
020 _a0-9768643-0-4
040 _cceme
082 _a658.4092 MOR
100 _aMorler, Edward E
_964872
245 _aThe leadership integrity challenge, how to assess and facilitate emotional maturity
260 _aNEW YORK
_bSANAI PUBLISHING
_c2005
300 _aXVIII,222 P
650 _aLEADERSHIP. QUALITY OF WORK.EXECUTIVES -CONDUCT OF LIFE.
_964873
942 _cBK
_2ddc
999 _c573238
_d573238